000 00372nam a2200157Ia 4500
003 OSt
008 191201s2014 xx 000 0 und d
082 _a690
_bART
100 _aARORA, SP
245 0 _aText Book of Building Construction
250 _aRep
260 _aN. Delhi
_bDhanpat Rai Pub (P) Ltd
_c2014
300 _aMISC
650 _aB.Tech(CE)
942 _2ddc
_cBK
999 _c5858
_d5858